000 00491nam a2200169Ia 4500
003 GCL
008 140319s9999 xx 000 0 ara d
040 _aGCL /
_cGCL
082 0 4 _aط
_b377.1
_bم ح
100 1 _aمحمد طاهر اللادقى
245 1 0 _aالجديقية الدينية (الجزء الثانى) /
_cمحمد طاهر اللادقى
300 _a126 ص
490 _a100 قصة
_v0
650 0 4 _aطرق التدريس
650 0 4 _aالاسلام
942 _2ddc
_cBK
999 _c44967
_d44967